Georg Simmel y la cuestión de la espacialidad /

Salvato in:
Dettagli Bibliografici
Autore principale: Ethington, Philip J.
Natura: testo
Soggetti:
Tags: Aggiungi Tag
Nessun Tag, puoi essere il primo ad aggiungerne!!

MARC

LEADER 00000 a a2200000 04500
001 18774
003
040
100 |a Ethington, Philip J.  
245 |a Georg Simmel y la cuestión de la espacialidad /  |c Philip J. Ethington 
650 |a TEORIA SOCIAL  
650 |a VIDA COTIDIANA  
650 |a SOCIOLOGIA  
650 |a GLOBALIZACION  
773 |g volumen 7, número 19; páginas 46-58  
999 |c 34024  |d 34024